000 00532nam a2200193Ia 4500
005 20250508162444.0
008 008 250505s9999 xx 000 0 eng d
037 _aTextual
040 _aFEDL
_beng
_cFEDL
041 _aeng
_2eng
084 _a160, DAY
_qFEDL
100 _aDaya Krishna
245 0 _aModern logic its relevance to philosophy
260 _aNew Delhi, India
_bImpex India
_c1969
300 _avii,203p.
700 _a Mathur D.C.
_9773192
942 _cTEXL
_h160, DAY
999 _c1376652
_d1376652